000 00784nam a2200217 a 4500
001 000023738
005 20200930022429.0
008 110112s1969 ve r 000 0 spa d
040 _aDO-SdBNP
_bspa
_cBNPHU
041 1 7 _aspa
_heng
_2Código de idiomas MARC
082 _annnn
_bR813t
100 1 _aRosenberg, Harold,
_948878
240 1 4 _aThe tradition of the new.
_lEspañol
245 1 3 _aLa tradición de lo nuevo /
_cHarold Rosenberg ; Celso Fasio.
260 _aVenezuela :
_bMonte Ávila,
_c1969.
300 _a286, [2] p. ;
_c20 cm.
504 _aIncluye referencias bibliográficas y notas al pie de las páginas.
534 _pTítulo original en inglés:
_tThe tradition of the new.
_cNew York : Horizon Press, 1959
700 1 _aFasio, Celso,
_etr.
_948879
049 _aBNGR
999 _c23234
_d23234